[Event "IND-ch U20"]
[Site "Chennai"]
[Date "2009.09.20"]
[Round "1"]
[White "Anwesh, Upadhyaya"]
[Black "Neelesh, Shankar"]
[Result "1-0"]
[WhiteElo "2339"]
[BlackElo "1870"]
[PlyCount "121"]
[EventDate "2009.09.20"]
[EventType "swiss"]
[EventRounds "11"]
[EventCountry "IND"]
[SourceTitle "CBM 132 Extra"]
[Source "ChessBase"]
[SourceDate "2009.11.03"]
[SourceVersion "1"]
[SourceVersionDate "2009.11.03"]
[SourceQuality "1"]

1. e4 c5 2. Nf3 e6 3. d4 cxd4 4. Nxd4 Nc6 5. Nc3 Qc7 6. Be3 a6 7. Bd3 Nf6 8. 0-0 Bb4 9. Na4 Be7 10. c4 0-0 11. Nxc6 bxc6 12. Nb6 Rb8 13. c5 d6 14. Nxc8 Qxc8 15. cxd6 Bxd6 16. b3 Rd8 17. Qe2 a5 18. Rac1 Rb4 19. Rfd1 Qc7 20. g3 Be7 21. f3 a4 22. Bc4 axb3 23. Bxb3 Rbb8 24. Qc4 Rxd1+ 25. Bxd1 Qa5 26. Bb3 Ba3 27. Rd1 Qb5 28. Qxb5 cxb5 29. e5 Ne8 30. Rd7 g6 31. Kf2 Ng7 32. g4 Kf8 33. Ke2 h5 34. h3 hxg4 35. hxg4 Ne8 36. Ra7 Bb2 37. Bh6+ Kg8 38. f4 Bc3 39. Bg5 Bd4 40. Rd7 Bc5 41. f5 gxf5 42. gxf5 Ng7 43. f6 Nf5 44. Kd3 Kf8 45. Ke4 Kg8 46. Bd1 Ra8 47. Bb3 Rb8 48. Bd2 Kf8 49. Ba5 Ke8 50. Rc7 Ba3 51. Bc2 Nh4 52. Bd1 Nf5 53. Bg4 Nh6 54. Bh5 Bc1 55. Rxc1 Ra8 56. Bd2 Ra4+ 57. Kd3 Nf5 58. Rc7 Ra3+ 59. Kc2 Rxa2+ 60. Kc1 Nd4 61. Bb4 1-0